Body Language - Head - Statistics

General Stats
  • This quiz has been taken 267 times
  • The average score is 7 of 15
Answer Stats
Hint Answer % Correct
Fate of John the Baptist, Anne Boleyn, and Lady Jane Grey Behead
87%
Carved with your final dates on it Headstone
83%
Airplanes often fight this Headwind
76%
"Is everyone here?" Headcount
74%
Aykroyd and Curtin on SNL Conehead
55%
Put your head under it in the morning Showerhead
53%
Counterculture member, often a white supremacist Skinhead
50%
Zidane's final act Headbutt
43%
Loaded onto an ICBM Warhead
32%
Kansas City's NFL stadium or a pointy tip Arrowhead
31%
Lucy: "Charlie Brown, you _______!" Blockhead
29%
Objective of an amphibious assault Beachhead
27%
The title of a newspaper or magazine at the head of the front or editorial page Masthead
21%
A large cask, typically used to store wine, ale, or cider. Hogshead
10%
An anti-intellectual epithet Egghead
8%
No matching quizzes found
Score Distribution
Percent of People with Each Score
Percentile by Number Answered
Your Score History
You have not taken this quiz